Aktuálne otázky trvalo udržateľného rozvoja miest a obcí recenzovaný zborník príspevkov z medzinárodnej vedeckej konferencie : Košice 19. mája 2017
Salvato in:
| Enti autori: | , |
|---|---|
| Altri autori: | , , |
| Natura: | Libro |
| Lingua: | slovacco |
| Pubblicazione: |
Košice
Univerzita Pavla Jozefa Šafárika v Košiciach
2017
|
| Edizione: | 1. vyd. |
| Soggetti: | |
| Tags: |
Nessun Tag, puoi essere il primo ad aggiungerne!!
|
MARC
| LEADER | 00000nlm a2200000 4500 | ||
|---|---|---|---|
| 001 | 0237181 | ||
| 005 | 20240513140644.0 | ||
| 020 | |a 978-80-8152-529-2 | ||
| 041 | 0 | |a slo | |
| 044 | |a SK | ||
| 245 | 1 | 0 | |a Aktuálne otázky trvalo udržateľného rozvoja miest a obcí |b recenzovaný zborník príspevkov z medzinárodnej vedeckej konferencie : Košice 19. mája 2017 |c zostavila: Darina Koreňová ; recenzenti: Viera Marková, Adriana Csikósová |
| 250 | |a 1. vyd. | ||
| 264 | 1 | |a Košice |b Univerzita Pavla Jozefa Šafárika v Košiciach |c 2017 | |
| 300 | |a online [286 s.] | ||
| 610 | 2 | 0 | |a správa verejná |
| 610 | 2 | 0 | |a samospráva |
| 610 | 2 | 0 | |a mestá |
| 610 | 2 | 0 | |a obce |
| 610 | 2 | 0 | |a rozvoj trvalo udržateľný |
| 610 | 2 | 0 | |a Vyšehradská štvorka |
| 700 | 1 | |a Koreňová, Darina | |
| 700 | 1 | |a Marková, Viera | |
| 700 | 1 | |a Csikósová, Adriana | |
| 110 | 2 | |a Aktuálne otázky trvalo udržateľného rozvoja miest a obcí. Medzinárodná vedecká konferencia | |
| 710 | 2 | |a Fakulta verejnej správy. Katedra ekonomiky a riadenia verejnej správy | |